000
00226nam a2200097Ia 4500
005
20251222114414.0
008
251222s1900||||xx |||||||||||||| ||spa||
082
_a
DVD0097/M99/1994/T.5
245
4
_a
The movies begin:
942
_c
DVD
999
_c
2144
_d
2144